000 00596nam a22002297a 4500
003 UA-OsUOA
001 42567
007 ta
008 20061110b un ||||| |||| 00| 0 ukr d
090 _a(094.1):339
_bЗ-45
942 _cBK
040 _aUA-OsUOA
_bukr
_cUA-OsUOA
_dUA-OsUOA
245 _aЗаконодавство України про зовнішньоекономічну діяльність
300 _a280 с.
955 _a2
041 _aukr
080 _a(094.1):339
020 _a966-7613-86-0
260 _aК.
_bІстина
_c2006
650 7 _2UDC
999 _c328683
_d328683